[Event "Ajedrez Latino"]
[Site "SchemingMind.com"]
[Date "2007.10.27"]
[Round "-"]
[White "jtrochez1"]
[Black "Lazaro"]
[Result "0-1"]
[WhiteCountry "HON"]
[BlackCountry "CUB"]
[WhiteElo "1455"]
[WhiteRD "54"]
[BlackElo "1596"]
[BlackRD "66"]
[GameID "126338"]

1. e4 c6 2. Nc3 d5 3. exd5 cxd5 4. d4 Nf6 5. Be2 Nc6 6. Be3 Bf5 7. a3 e6 8. h3 Bd6 9. Bf3 Qb6 10. b3 Qa5
11. Ne2 Be4 12. Bxe4 Nxe4 13. b4 Nxc3 14. Nxc3 Nxb4 15. axb4 Qxb4 16. Qd2 Rc8 17. Rb1 Qxc3 18. Qxc3 Rxc3 19. Rxb7 Rxc2 20. Rxa7 O-O
21. O-O Rc7 22. Rxc7 Bxc7 23. g3 Rb8 24. f4 Rb3 25. Kf2 Kf8 26. Rc1 Rb7 27. Kf3 Ke7 28. Bd2 Kd7 29. Re1 Rb3+ 30. Kg2 Rb2
31. Re2 Ba5 32. h4 Rxd2 33. Rxd2 Bxd2 34. Kf3 Kd6 35. h5 f6 36. g4 e5 37. fxe5+ fxe5 38. Ke2 Bh6 39. Kd3 e4+ 40. Kc3 Kc6
41. Kc2 Be3 42. Kc3 Kb5
0-1

[Event "Ajedrez Latino"]
[Site "SchemingMind.com"]
[Date "2007.10.27"]
[Round "-"]
[White "Lazaro"]
[Black "jtrochez1"]
[Result "1-0"]
[WhiteCountry "CUB"]
[BlackCountry "HON"]
[WhiteElo "1596"]
[WhiteRD "66"]
[BlackElo "1455"]
[BlackRD "54"]
[GameID "126339"]

1. e4 e5 2. Nf3 d6 3. d4 exd4 4. Nxd4 Nc6 5. Nc3 Nf6 6. Be2 Be7 7. Be3 a6 8. f3 Nxd4 9. Bxd4 O-O 10. Qd2 Be6
11. O-O-O b5 12. Nd5 Bxd5 13. exd5 Rc8 14. Bxf6 Bxf6 15. Qa5 c5 16. Qxd8 Rcxd8 17. c4 b4 18. Bd3 a5 19. Bc2 Rfe8 20. Rhe1 h6
21. Ba4 Rxe1 22. Rxe1 Kf8 23. g3 Be7 24. f4 f5 25. Re6 Bf6 26. Bc2 Be7 27. Bxf5 Bf6 28. b3 Kf7 29. h4 g6 30. Bc2 Kg7
31. g4 g5 32. fxg5 hxg5 33. h5 Be5 34. h6+ Kh8 35. h7 Rf8 36. Bf5 Ra8 37. Re7 Bf4+ 38. Kc2 Be5 39. Kd3 Bf4 40. Ke4 Be5
41. Rc7 Bf4 42. Be6 Be5 43. Kf5 Bf4 44. Bg8 a4 45. bxa4 Rxa4 46. Kg6 Ra8 47. Be6 Rf8 48. Rd7 Ra8 49. Rg7
1-0

[Event "Ajedrez Latino"]
[Site "SchemingMind.com"]
[Date "2007.10.28"]
[Round "-"]
[White "Archon"]
[Black "jtrochez1"]
[Result "0-1"]
[WhiteCountry "CAN"]
[BlackCountry "HON"]
[WhiteElo "1753"]
[WhiteRD "50"]
[BlackElo "1500"]
[BlackRD "47"]
[GameID "126631"]

1. Nf3 Nc6 2. d4 d5 3. g3 e6 4. Bg2 Nf6 5. O-O h6 6. c4 Be7 7. Nc3 Bd7 8. b3 a6 9. Bb2 b6 10. e4 dxe4
11. Nd2 Rb8 12. Ndxe4 O-O 13. Qc2 Nxd4 14. Nxf6+ Bxf6 15. Qd2 Bc6 16. Ne4 Bxe4 17. Bxe4 Nf3+
0-1

[Event "Ajedrez Latino"]
[Site "SchemingMind.com"]
[Date "2007.11.01"]
[Round "-"]
[White "Archon"]
[Black "Lazaro"]
[Result "1-0"]
[WhiteCountry "CAN"]
[BlackCountry "CUB"]
[WhiteElo "1776"]
[WhiteRD "57"]
[BlackElo "1507"]
[BlackRD "47"]
[GameID "126632"]

1. Nf3 c5 2. c4 Nc6 3. d4 cxd4 4. Nxd4 g6 5. e4 Nf6 6. Nc3 Nxd4 7. Qxd4 d6 8. Be2 Bg7 9. Be3 O-O 10. Qd2 Be6
11. Nd5 Nxe4 12. Qc2 Bxd5 13. cxd5 Qa5+ 14. Kf1 Qxd5 15. h4 Rfc8 16. Qa4 Nd2+ 17. Kg1 Bxb2 18. Bxd2 Qxd2 19. Qd1 Qxd1+ 20. Rxd1 Rc1
21. Rxc1 Bxc1 22. Bc4 Rc8 23. Bb3 Bf4 24. g3 Rc1+ 25. Kg2 Rxh1 26. Kxh1 Bd2 27. Kg1
1-0

[Event "Ajedrez Latino"]
[Site "SchemingMind.com"]
[Date "2007.10.28"]
[Round "-"]
[White "jtrochez1"]
[Black "Archon"]
[Result "0-1"]
[WhiteCountry "HON"]
[BlackCountry "CAN"]
[WhiteElo "1500"]
[WhiteRD "47"]
[BlackElo "1753"]
[BlackRD "50"]
[GameID "126633"]

1. e4 d6 2. Bc4 Nf6 3. d3 e5 4. Nc3 Be7 5. h3 O-O 6. Bd2 Be6 7. Nd5 Nc6 8. Nxf6+ Bxf6 9. Bxe6 fxe6 10. c3 Bg5
11. Nf3 Bxd2+ 12. Qxd2 Qf6 13. O-O-O b5 14. Kb1 a5 15. Qg5 Qf7 16. Qg4 h6 17. h4 h5 18. Qg3 b4 19. c4 Nd4 20. Nxd4 exd4
21. f3 e5 22. Qf2 c6 23. b3 a4 24. Qc2 axb3 25. Qxb3 c5 26. Rd2 Ra3 27. Qb2 Rfa8 28. Qc1 R8a6 29. Rf1 Qa7 30. Rff2 b3
0-1

[Event "Ajedrez Latino"]
[Site "SchemingMind.com"]
[Date "2007.11.01"]
[Round "-"]
[White "Lazaro"]
[Black "Archon"]
[Result "0-1"]
[WhiteCountry "CUB"]
[BlackCountry "CAN"]
[WhiteElo "1595"]
[WhiteRD "46"]
[BlackElo "1790"]
[BlackRD "54"]
[GameID "126634"]

1. d4 d6 2. c4 e5 3. dxe5 dxe5 4. Qxd8+ Kxd8 5. Nc3 Be6 6. e4 c6 7. Nf3 f6 8. Be3 Kc7 9. O-O-O Nd7 10. Nd2 Bc5
11. Bxc5 Nxc5 12. b4 Nd7 13. Kb2 Ne7 14. g3 Rad8 15. f4 Rhf8
0-1

[Event "Ajedrez Latino"]
[Site "SchemingMind.com"]
[Date "2007.10.28"]
[Round "-"]
[White "XTC"]
[Black "jtrochez1"]
[Result "1-0"]
[WhiteCountry "COL"]
[BlackCountry "HON"]
[WhiteElo "1649"]
[WhiteRD "92"]
[BlackElo "1518"]
[BlackRD "48"]
[GameID "126663"]

1. e4 e5 2. Nf3 d6 3. d4 Bg4 4. dxe5 Bxf3 5. Qxf3 dxe5 6. Bc4 Nf6 7. Qb3 Qd7 8. Qxb7 Bc5 9. Qxa8 O-O 10. Qb7 c6
11. Qxd7 Nbxd7 12. Nc3 Bd4 13. Bd2 Nc5 14. O-O-O Bxf2 15. Bg5 Nfxe4 16. Nxe4 Nxe4 17. Be7 Re8 18. Kb1 Bb6 19. Bb4 Nf2 20. Bxf7+ Kxf7
21. Rhf1 Kg6 22. Rd6+ Kh5 23. Rxc6 e4 24. Rxb6 axb6 25. Rxf2 e3 26. Re2 Kg4 27. Bc3 g5 28. Bd4 Kf4 29. Bxb6 h5 30. Bc7+ Ke4
31. b4 g4 32. b5 Kd5 33. a4 Re7 34. Bf4 h4 35. Rxe3
1-0

[Event "Ajedrez Latino"]
[Site "SchemingMind.com"]
[Date "2007.11.02"]
[Round "-"]
[White "XTC"]
[Black "Lazaro"]
[Result "1-0"]
[WhiteCountry "COL"]
[BlackCountry "CUB"]
[WhiteElo "1646"]
[WhiteRD "81"]
[BlackElo "1595"]
[BlackRD "46"]
[GameID "126664"]

1. e4 c5 2. Nf3 Nc6 3. Bb5 e6 4. O-O Nge7 5. Bxc6 Nxc6 6. d3 d5 7. Nbd2 Be7 8. Re1 O-O 9. b3 Qc7 10. Bb2 d4
11. c3
1-0

[Event "Ajedrez Latino"]
[Site "SchemingMind.com"]
[Date "2007.10.28"]
[Round "-"]
[White "XTC"]
[Black "Archon"]
[Result "0-1"]
[WhiteCountry "COL"]
[BlackCountry "CAN"]
[WhiteElo "1610"]
[WhiteRD "87"]
[BlackElo "1813"]
[BlackRD "58"]
[GameID "126665"]

1. e4 d6 2. d4 Nf6 3. Nc3 g6 4. Nf3 Bg7 5. Be2 O-O 6. O-O Bg4 7. h3 Bxf3 8. Bxf3 e5 9. dxe5 dxe5 10. Bg5 c6
11. Qxd8 Rxd8 12. Rfd1 Nbd7 13. Bxf6 Nxf6 14. Rxd8+ Rxd8 15. Rd1 Rxd1+ 16. Bxd1 Bf8 17. f3 Bc5+ 18. Kh2 Bd4 19. Na4 Nd7 20. c3 Be3
21. b4 Nb6 22. c4 Nxc4 23. g3 Kg7 24. Kg2 Kf6 25. h4 Bd4 26. Kh3 Ke7 27. Bb3 Nd2 28. Bd1 Kd6 29. Kg2 Nb1 30. Kf1 f6
31. Ke2 Na3 32. Kd3 Nb5 33. g4 Bb6 34. Nxb6 axb6 35. Ba4 Nd4 36. Ke3 b5 37. Bd1 b6 38. f4 c5 39. fxe5+ fxe5 40. bxc5+ bxc5
41. Kd3 c4+ 42. Kc3 Kc5 43. a3 Kb6 44. g5 Ka5 45. Kb2 b4 46. axb4+ Kxb4 47. Kc1 Kc3 48. Ba4 Nb3+ 49. Kb1 Nd2+ 50. Kc1 Nxe4
51. Bd1 Ng3 52. Bg4 e4 53. Be6 e3 54. Kd1 e2+ 55. Ke1 Kd3 56. Bg8 Nf5 57. h5 c3 58. hxg6 hxg6 59. Bb3 Nh4 60. Ba4 Nf3+
61. Kf2 e1=Q+
0-1

[Event "Ajedrez Latino"]
[Site "SchemingMind.com"]
[Date "2007.10.28"]
[Round "-"]
[White "jtrochez1"]
[Black "XTC"]
[Result "0-1"]
[WhiteCountry "HON"]
[BlackCountry "COL"]
[WhiteElo "1518"]
[WhiteRD "48"]
[BlackElo "1649"]
[BlackRD "92"]
[GameID "126666"]

1. e4 e5 2. Nf3 Nc6 3. Nc3 Nf6 4. Bc4 Nxe4 5. Bxf7+ Kxf7 6. Nxe4 d5 7. Neg5+ Kg8 8. h3 e4 9. O-O exf3 10. Nxf3 Bd6
11. d4 Be6 12. c3 Qf6 13. Bg5 Qg6 14. Qd2 Bf5 15. Nh4 Qe6 16. Nxf5 Qxf5 17. Be3 Ne7 18. Rad1 c6 19. Qd3 Qxd3 20. Rxd3 Kf7
21. Re1 h6 22. Bd2 Rhe8 23. Rf3+ Kg8 24. Kf1 Rf8 25. Rxf8+ Kxf8 26. g4 Re8 27. Re6 Nc8 28. Rxe8+ Kxe8 29. f4 Be7 30. Kg2 Nd6
31. Kf3 Ne4 32. Be1 Kf7 33. b3 Ba3 34. c4 Bb2 35. cxd5 cxd5 36. Bf2 Nxf2 37. Kxf2 Bxd4+ 38. Ke2 Kf6 39. Kd3 Bc5 40. Ke2 g5
41. f5 Ke5 42. Kf3 d4 43. Ke2 Ke4 44. a4 d3+ 45. Kd1 Bb4 46. Kc1 Ke3 47. Kd1 a6 48. Kc1 Ke2
0-1

[Event "Ajedrez Latino"]
[Site "SchemingMind.com"]
[Date "2007.11.02"]
[Round "-"]
[White "Lazaro"]
[Black "XTC"]
[Result "0-1"]
[WhiteCountry "CUB"]
[BlackCountry "COL"]
[WhiteElo "1595"]
[WhiteRD "46"]
[BlackElo "1646"]
[BlackRD "81"]
[GameID "126667"]

1. e4 e5 2. Nf3 Nc6 3. d4 exd4 4. Nxd4 Nxd4 5. Qxd4 d6 6. Bc4 Be6 7. Bxe6 fxe6 8. Qb4 b6 9. O-O Nf6 10. a4 a5
0-1

[Event "Ajedrez Latino"]
[Site "SchemingMind.com"]
[Date "2007.10.28"]
[Round "-"]
[White "Archon"]
[Black "XTC"]
[Result "0-1"]
[WhiteCountry "CAN"]
[BlackCountry "COL"]
[WhiteElo "1774"]
[WhiteRD "50"]
[BlackElo "1649"]
[BlackRD "92"]
[GameID "126668"]

1. Nf3 Nf6 2. c4 e6 3. g3 d5 4. Bg2 Be7 5. O-O O-O 6. b3 c6 7. Bb2 Nbd7 8. d3 b6 9. Nc3 Bb7 10. Rc1 Rc8
11. Rc2 a6 12. Qa1 Qc7 13. Rcc1 Ne8 14. cxd5 Bf6 15. dxe6 fxe6 16. Ne4 Bxb2 17. Qxb2 Ndf6 18. Nxf6+ Nxf6 19. Nd4 Qe5 20. Qc2 Qxd4
0-1

[Event "Ajedrez Latino"]
[Site "SchemingMind.com"]
[Date "2007.10.29"]
[Round "-"]
[White "roboam"]
[Black "jtrochez1"]
[Result "1/2-1/2"]
[WhiteCountry "ESP"]
[BlackCountry "HON"]
[WhiteElo "1560"]
[WhiteRD "152"]
[BlackElo "1500"]
[BlackRD "47"]
[GameID "126834"]

1. e4 e5 2. Nf3 d6 3. Bc4 Nc6 4. O-O Bg4 5. h3 Bh5 6. d3 Nf6 7. Nbd2 Nd4 8. c3 Nxf3+ 9. Nxf3 Be7 10. Qa4+ c6
11. Qd1 O-O 12. Re1 d5 13. Bb3 h6 14. g4 Nxg4 15. Nxe5 Nf6 16. Qd2 Bd6 17. exd5 Bxe5 18. Rxe5 Bf3 19. Re3 Bh5 20. Rg3 Bg6
21. dxc6 bxc6 22. Bc2 Re8 23. d4 Ne4 24. Bxe4 Bxe4 25. Qxh6 Bg6 26. Qd2 Qd5 27. Qd1 Bh5 28. Qf1 Re6 29. Qg2 Re1+ 30. Kh2 g6
31. Qxd5 cxd5 32. Re3 Rd1 33. b4 f5 34. Bb2 Rxa1 35. Bxa1 f4 36. Re5 Bf3 37. Bb2 Kf7 38. Bc1 Rc8 39. Bxf4 Rxc3 40. Re3 Rxe3
41. fxe3 Be4 42. a4 Ke6 43. b5 Kd7 44. Bb8 Bc2 45. Bxa7 Bxa4 46. b6 Bc6 47. Kg3 Ke7 48. h4 Kf7 49. Kf4 Ke6 50. Bb8 Bb7
51. Bc7 Bc6 52. Kg5=
1/2-1/2

[Event "Ajedrez Latino"]
[Site "SchemingMind.com"]
[Date "2007.10.30"]
[Round "-"]
[White "roboam"]
[Black "XTC"]
[Result "1-0"]
[WhiteCountry "ESP"]
[BlackCountry "COL"]
[WhiteElo "1718"]
[WhiteRD "74"]
[BlackElo "1626"]
[BlackRD "84"]
[GameID "126835"]

1. e4 e5 2. Nf3 Nc6 3. Bb5 a6 4. Ba4 Nf6 5. d3 b5 6. Bb3 Bc5 7. O-O O-O 8. c3 d6 9. Re1 Ng4 10. d4 exd4
11. cxd4 Bb6 12. h3 Nf6 13. Bg5 h6 14. Bh4 g5 15. Bg3 Re8 16. Nc3 Bb7 17. d5 Ne5 18. Nxe5 dxe5 19. Kf1 Kg7 20. f3 Nd7
21. Bf2 Bxf2 22. Kxf2 Nc5 23. Bc2 f6 24. g4 b4 25. Na4 Nd7 26. b3 a5 27. Nb2 Ba6 28. Bd3 Nb6 29. Rc1 Bxd3 30. Qxd3 Qd6
31. Nc4 Nxc4 32. Rxc4 Rec8 33. Rec1 Ra7 34. Rc6 Qd7 35. Qe3 Raa8 36. Qc5 Kg6 37. Rxc7 Rxc7 38. Qxc7 Qxc7 39. Rxc7 h5 40. d6 Rd8
41. d7 Kf7 42. Ke3 hxg4 43. hxg4 Ke7 44. Ra7 Rxd7 45. Rxa5 Rd4 46. Rd5 Rxd5 47. exd5 Kd6 48. Ke4 Kd7 49. Kf5 Ke7 50. d6+ Kxd6
51. Kxf6 Kd5 52. Kxg5
1-0

[Event "Ajedrez Latino"]
[Site "SchemingMind.com"]
[Date "2007.11.03"]
[Round "-"]
[White "roboam"]
[Black "Lazaro"]
[Result "1-0"]
[WhiteCountry "ESP"]
[BlackCountry "CUB"]
[WhiteElo "1740"]
[WhiteRD "101"]
[BlackElo "1507"]
[BlackRD "47"]
[GameID "126836"]

1. e4 c5 2. Nf3 Nc6 3. d4 cxd4 4. Nxd4 g6 5. Nc3 Bg7 6. Be3 Nf6 7. Bd3 O-O 8. O-O d5 9. exd5 Nxd5 10. Nxc6 bxc6
11. Nxd5 cxd5 12. c3 e5 13. Qc1 Be6 14. Bh6 Qh4 15. Bxg7 Kxg7 16. Qe3 Qf6 17. Rae1 e4 18. Bc2 Rfc8 19. Bd1 Bd7 20. Bb3 Bb5
21. Bxd5
1-0

[Event "Ajedrez Latino"]
[Site "SchemingMind.com"]
[Date "2007.10.30"]
[Round "-"]
[White "roboam"]
[Black "Archon"]
[Result "0-1"]
[WhiteCountry "ESP"]
[BlackCountry "CAN"]
[WhiteElo "1560"]
[WhiteRD "152"]
[BlackElo "1753"]
[BlackRD "50"]
[GameID "126837"]

1. e4 d6 2. d4 Nf6 3. Nc3 g6 4. Nf3 Bg7 5. Be3 O-O 6. Be2 Bg4 7. O-O Nc6 8. h3 Bxf3 9. Bxf3 e5 10. dxe5 Nxe5
11. Be2 Nc6 12. Qc1 Re8 13. f3 Nh5 14. Qd2 Ng3 15. Rfe1 Be5 16. Bf4 Qh4 17. Bxe5 Rxe5 18. Bd3 Rh5 19. Qf2 Ne5 20. Ne2 Nxd3
21. Qxg3 Nxe1 22. Rxe1 Qxg3 23. Nxg3 Re5
0-1

[Event "Ajedrez Latino"]
[Site "SchemingMind.com"]
[Date "2007.10.29"]
[Round "-"]
[White "jtrochez1"]
[Black "roboam"]
[Result "0-1"]
[WhiteCountry "HON"]
[BlackCountry "ESP"]
[WhiteElo "1518"]
[WhiteRD "48"]
[BlackElo "1637"]
[BlackRD "125"]
[GameID "126838"]

1. e4 c5 2. Nf3 Nc6 3. Bc4 e6 4. d4 cxd4 5. Nxd4 Nf6 6. Nxc6 bxc6 7. Qf3 Be7 8. Nc3 Bb7 9. e5 Nd5 10. Bd2 Bg5
11. O-O-O Bxd2+ 12. Rxd2 Nxc3 13. Qxc3 c5 14. f3 O-O 15. Rg1 Qc7 16. f4 Rfd8 17. Kb1 d5 18. Be2 a5 19. g4 d4 20. Qg3 a4
21. a3 Ba6 22. Bxa6 Rxa6 23. Rc1 Rb8 24. c3 Qb7 25. h4 Rb6 26. Rcc2 dxc3 27. Qxc3 Qh1+ 28. Ka2 Rb5 29. h5 h6 30. Rd7 Qc6
31. Rd6 Qe4 32. Rf2 Rc8 33. f5 Qxg4 34. Qf3 Qc4+ 35. Ka1 Rcb8 36. Rd1 Rb3 37. Qg2 exf5 38. Rg1 Qg4 39. Qh2 Qd4 40. Ka2 Qe3
41. Rb1 Qd3 42. Rc2 Qd5 43. Ka1 Qd4 44. Ka2 f4 45. Qf2 Re3 46. Qg1 Qxe5 47. Qg4 Qd5+ 48. Ka1 Qd4 49. Ka2 c4 50. Qg1 f3
51. Qf1 c3 52. Rxc3 Rxc3 53. bxc3 Qd2+ 54. Ka1 Qxc3+ 55. Ka2 Qc2+ 56. Ka1 Rxb1+ 57. Qxb1 Qxb1+ 58. Kxb1 f2
0-1

[Event "Ajedrez Latino"]
[Site "SchemingMind.com"]
[Date "2007.10.30"]
[Round "-"]
[White "XTC"]
[Black "roboam"]
[Result "1/2-1/2"]
[WhiteCountry "COL"]
[BlackCountry "ESP"]
[WhiteElo "1657"]
[WhiteRD "83"]
[BlackElo "1740"]
[BlackRD "101"]
[GameID "126839"]

1. e4 e5 2. Nf3 Nc6 3. Bb5 a6 4. Ba4 d6 5. d4 Bd7 6. c3 Nf6 7. Nbd2 Be7 8. O-O O-O 9. Re1 b5 10. Bc2 Bg4
11. h3 Bh5 12. Nf1 Re8 13. Ng3 Bg6 14. Bg5 h6 15. Bxf6 Bxf6 16. d5 Na5 17. b4 Nc4 18. Qc1 Qc8 19. Bb3 Nb6 20. Nd2 Bg5
21. Qd1 Bxd2 22. Qxd2 f6 23. f3 Nd7 24. Ne2 Bf7 25. a3 c5 26. Rac1 c4 27. Ba2 a5 28. Ng3 Bg6 29. Bb1 a4 30. f4 Qd8
31. f5 Bf7 32. Qe3 Qb8 33. Bc2 Qa7 34. Qxa7 Rxa7 35. Bd1 Raa8 36. Bh5 Bxh5 37. Nxh5 Nf8 38. g4 Nh7 39. h4 Rf8 40. Ng3=
1/2-1/2

[Event "Ajedrez Latino"]
[Site "SchemingMind.com"]
[Date "2007.11.03"]
[Round "-"]
[White "Lazaro"]
[Black "roboam"]
[Result "0-1"]
[WhiteCountry "CUB"]
[BlackCountry "ESP"]
[WhiteElo "1595"]
[WhiteRD "46"]
[BlackElo "1732"]
[BlackRD "112"]
[GameID "126840"]

1. e4 e5 2. Nf3 Nc6 3. Bb5 a6 4. Bxc6 dxc6 5. O-O Bd6 6. d4 exd4 7. Qxd4 f6 8. Rd1 Ne7 9. Bf4 O-O 10. Bxd6 cxd6
11. Qxd6 Bg4 12. Nc3 Qxd6
0-1

[Event "Ajedrez Latino"]
[Site "SchemingMind.com"]
[Date "2007.10.30"]
[Round "-"]
[White "Archon"]
[Black "roboam"]
[Result "1-0"]
[WhiteCountry "CAN"]
[BlackCountry "ESP"]
[WhiteElo "1774"]
[WhiteRD "50"]
[BlackElo "1637"]
[BlackRD "125"]
[GameID "126841"]

1. Nf3 Nf6 2. c4 c5 3. g3 Nc6 4. d4 cxd4 5. Nxd4 e6 6. Bg2 Be7 7. Nc3 d6 8. O-O O-O 9. e4 e5 10. Nde2 b6
11. Be3 Bb7 12. Bg5 h6 13. Bxf6 Bxf6 14. Nd5 Rb8 15. Bh3 Bc8 16. Bg2 Ba6 17. b3 Bb7 18. Nec3 Nd4 19. Ne2 Nxe2+ 20. Qxe2 Bxd5
21. exd5 Re8 22. Be4 g6 23. h4 Bg7 24. Kg2 f5 25. Bc2 e4 26. Rae1 Bc3 27. Rd1 Qe7 28. Bb1 Bb4 29. h5 g5 30. Rfe1 Bxe1
31. Rxe1 a5 32. g4 f4 33. Bxe4 Qg7 34. f3 Rbd8 35. Kf2 Qd4+ 36. Kg2 Rd7 37. Bh7+
1-0

[Event "Ajedrez Latino"]
[Site "SchemingMind.com"]
[Date "2007.10.31"]
[Round "-"]
[White "Dalek_Caan"]
[Black "jtrochez1"]
[Result "0-1"]
[WhiteCountry "ENG"]
[BlackCountry "HON"]
[WhiteElo "1287"]
[WhiteRD "87"]
[BlackElo "1511"]
[BlackRD "50"]
[GameID "127034"]

1. e4 e5 2. Nf3 d6 3. Bc4 h6 4. h3 Nc6 5. Nc3 Qf6 6. Nb5 Qe7 7. d3 a6 8. Nc3 Nf6 9. Bd2 Na5 10. Bb3 Be6
11. Nd5 Bxd5 12. Bxa5 Bxb3
0-1

[Event "Ajedrez Latino"]
[Site "SchemingMind.com"]
[Date "2007.10.31"]
[Round "-"]
[White "Dalek_Caan"]
[Black "roboam"]
[Result "0-1"]
[WhiteCountry "ENG"]
[BlackCountry "ESP"]
[WhiteElo "1287"]
[WhiteRD "87"]
[BlackElo "1688"]
[BlackRD "117"]
[GameID "127038"]

1. e4 e5 2. Nf3 Nc6 3. Bc4 Nf6 4. Nc3 Bc5 5. O-O O-O 6. d3 d6 7. h3 Re8 8. Ng5 Be6 9. Nxe6 fxe6 10. Bg5 h6
11. Bxf6 Qxf6
0-1

[Event "Ajedrez Latino"]
[Site "SchemingMind.com"]
[Date "2007.10.31"]
[Round "-"]
[White "Schaakmaatje"]
[Black "jtrochez1"]
[Result "1/2-1/2"]
[WhiteCountry "NED"]
[BlackCountry "HON"]
[WhiteElo "1859"]
[WhiteRD "52"]
[BlackElo "1518"]
[BlackRD "48"]
[GameID "127045"]

1. e4 e5 2. Nf3 d6 3. d4 exd4 4. Nxd4 Nc6 5. Be3 Nf6 6. f3 a6 7. Bc4 Nxd4 8. Bxd4 Be7 9. Nc3 O-O 10. O-O Bd7
11. Ne2 c6 12. c3 c5 13. Be3 b5 14. Bd5 Nxd5 15. exd5 Bf5 16. Ng3 Bg6 17. f4 f5 18. Qf3 Qe8 19. Rae1 Qf7 20. Bd2 Bf6
21. Re6 Rad8 22. Rfe1 Bh4 23. Qe3 Qc7 24. Qd3 c4 25. Qf3 Qc8 26. Qe3=
1/2-1/2

[Event "Ajedrez Latino"]
[Site "SchemingMind.com"]
[Date "2007.11.01"]
[Round "-"]
[White "Schaakmaatje"]
[Black "XTC"]
[Result "0-1"]
[WhiteCountry "NED"]
[BlackCountry "COL"]
[WhiteElo "1755"]
[WhiteRD "46"]
[BlackElo "1657"]
[BlackRD "83"]
[GameID "127046"]

1. e4 e5 2. f4 exf4 3. Nf3 g5 4. Bc4 Bg7 5. d4 d6 6. O-O h6 7. Nc3 c6 8. e5 Be6 9. Qe2 Bxc4 10. Qxc4 d5
11. Qd3 Ne7 12. Bd2 Qd7 13. Rae1 Na6 14. a3 O-O 15. b4 Nc7 16. a4 b6 17. Nd1 Qf5 18. Qxf5 Nxf5 19. Nc3 Rae8 20. Ne2 a6
21. Nc1 g4 22. Bxf4 gxf3 23. Rxf3 Nxd4 24. Rf2 f6 25. Nd3 fxe5 26. Bxe5 Rxf2 27. Kxf2 Bxe5 28. Rxe5 Rf8+
0-1

[Event "Ajedrez Latino"]
[Site "SchemingMind.com"]
[Date "2007.11.05"]
[Round "-"]
[White "Schaakmaatje"]
[Black "Lazaro"]
[Result "1-0"]
[WhiteCountry "NED"]
[BlackCountry "CUB"]
[WhiteElo "1746"]
[WhiteRD "45"]
[BlackElo "1595"]
[BlackRD "46"]
[GameID "127047"]

1. e4 c5 2. Nf3 Nc6 3. d4 cxd4 4. Nxd4 g6 5. Be3 Nf6 6. Bd3 Bg7 7. Nc3 O-O 8. O-O d5 9. exd5 Nxd5 10. Nxc6 bxc6
11. Nxd5
1-0

[Event "Ajedrez Latino"]
[Site "SchemingMind.com"]
[Date "2007.10.31"]
[Round "-"]
[White "Schaakmaatje"]
[Black "Archon"]
[Result "1-0"]
[WhiteCountry "NED"]
[BlackCountry "CAN"]
[WhiteElo "1755"]
[WhiteRD "48"]
[BlackElo "1763"]
[BlackRD "53"]
[GameID "127048"]

1. e4 d6 2. Bc4 Nf6 3. Qe2 e5 4. c3 Nc6 5. d3 g6 6. h3 Bg7 7. Be3 O-O 8. Nf3 Na5 9. Bb5 a6 10. Ba4 b5
11. Bc2 c5 12. O-O Nc6 13. Nbd2 Bb7 14. Nh2 d5 15. Bg5 d4 16. Ng4 Qd6 17. Bxf6 Bxf6 18. Nxf6+ Qxf6 19. Qf3 Qg7 20. a4 Ne7
21. Qg3 f5 22. f4 exf4 23. Rxf4 fxe4 24. Nxe4 Nf5 25. Qf2 dxc3 26. bxc3 Bxe4 27. dxe4 Qxc3 28. Rf1 Qe3 29. exf5 Qxf2+ 30. R1xf2 b4
31. Bb3+ Kg7 32. fxg6 hxg6 33. Rxf8 Rxf8 34. Rxf8 Kxf8 35. Kf2 Ke7 36. Ke3 Kd6 37. Kd3
1-0

[Event "Ajedrez Latino"]
[Site "SchemingMind.com"]
[Date "2007.10.31"]
[Round "-"]
[White "Schaakmaatje"]
[Black "roboam"]
[Result "1/2-1/2"]
[WhiteCountry "NED"]
[BlackCountry "ESP"]
[WhiteElo "1755"]
[WhiteRD "48"]
[BlackElo "1688"]
[BlackRD "117"]
[GameID "127049"]

1. d4 d5 2. Nf3 Nf6 3. Bg5 Bg4 4. Bxf6 exf6 5. Nbd2 Nd7 6. c4 Bb4 7. a3 Bxd2+ 8. Nxd2 O-O 9. Qc2 Be6 10. e3 dxc4
11. Bxc4 Re8 12. O-O Nb6 13. b3 Bxc4 14. bxc4 Nd7 15. Rab1 b6 16. Ne4 Qe7 17. Nc3 c6 18. Ne2 g6 19. Nf4 Qe4 20. Qd2 f5
21. Rfe1 Nf6 22. Ne2 Rad8 23. Nc3 Qe6 24. Qe2 Ne4 25. Nxe4 Qxe4 26. f3 Qe7 27. Qb2 Qf6 28. Qb3 Re7 29. d5=
1/2-1/2

[Event "Ajedrez Latino"]
[Site "SchemingMind.com"]
[Date "2007.10.31"]
[Round "-"]
[White "jtrochez1"]
[Black "Schaakmaatje"]
[Result "0-1"]
[WhiteCountry "HON"]
[BlackCountry "NED"]
[WhiteElo "1500"]
[WhiteRD "47"]
[BlackElo "1803"]
[BlackRD "57"]
[GameID "127051"]

1. e4 e5 2. Nf3 Nf6 3. Nc3 Nc6 4. Bc4 Nxe4 5. Bxf7+ Kxf7 6. Nxe4 Be7 7. d4 Re8 8. d5 Nb4 9. Nxe5+ Kg8 10. c3 d6
11. Nf3 Bh4 12. O-O Rxe4 13. cxb4 Bg4 14. a3 Qf6 15. Qd2 Bxf3 16. gxf3 Qxf3 17. Qd1 Rg4#
0-1

[Event "Ajedrez Latino"]
[Site "SchemingMind.com"]
[Date "2007.11.01"]
[Round "-"]
[White "XTC"]
[Black "Schaakmaatje"]
[Result "0-1"]
[WhiteCountry "COL"]
[BlackCountry "NED"]
[WhiteElo "1663"]
[WhiteRD "84"]
[BlackElo "1802"]
[BlackRD "48"]
[GameID "127052"]

1. e4 e5 2. Nf3 Nc6 3. Bb5 a6 4. Ba4 Nf6 5. O-O b5 6. Bb3 Bb7 7. d3 Be7 8. Bg5 O-O 9. Nc3 d6 10. Bxf6 Bxf6
11. Nd5 Nd4 12. Nxf6+ Qxf6 13. Nxd4 exd4 14. Qd2 a5 15. a4 b4 16. f3 Rae8 17. Rae1 Re5 18. f4 Rh5 19. Qd1 Qh4 20. h3 d5
21. e5 Rh6 22. Qg4 c5 23. Qxh4 Rxh4 24. Kh2 Rc8 25. g3 Rh6 26. f5 c4 27. dxc4 dxc4 28. Ba2 Ba6 29. e6 fxe6 30. Rxe6 Rc6
31. Re8+ Kf7 32. Rfe1 Rc7 33. g4 Rd6 34. R8e6 Rcd7 35. Kg3 Kf8 36. Re8+ Kf7 37. R8e6 g6 38. R1e5 gxf5 39. Rxd6 Rxd6 40. Rxf5+ Kg6
41. Rxa5 d3 42. cxd3 cxd3 43. Bb3 d2 44. Bc2+ Kg7 45. Kf2 Bd3 46. Bd1 h6 47. Ke3 Bc4 48. b3 Bf1 49. h4 Ba6 50. Rf5 Rd3+
51. Kf2 Rh3 52. h5 Rh1 53. Bc2 Bd3 54. Rd5 Bxc2 55. Rxd2 Rh2+ 56. Ke3 Rxd2 57. Kxd2 Bxb3 58. a5 Kf6 59. a6 Bd5 60. a7 Kg5
61. Kd3 Kxg4 62. Kd4 Ba8 63. Kc4 Kxh5 64. Kxb4 Kg4 65. Kb5 h5
0-1

[Event "Ajedrez Latino"]
[Site "SchemingMind.com"]
[Date "2007.11.05"]
[Round "-"]
[White "Lazaro"]
[Black "Schaakmaatje"]
[Result "0-1"]
[WhiteCountry "CUB"]
[BlackCountry "NED"]
[WhiteElo "1507"]
[WhiteRD "47"]
[BlackElo "1755"]
[BlackRD "46"]
[GameID "127053"]

1. e4 e6 2. c4 d5 3. exd5 exd5 4. d4 c6 5. Nc3 Bb4 6. a3 Bxc3+ 7. bxc3 Bf5 8. Qb3 Qe7+ 9. Be2 Nf6 10. cxd5 Nxd5
11. c4 Nb6 12. Nf3 O-O 13. Be3 N8d7 14. O-O c5 15. d5 f6 16. Rad1 Ne5
0-1

[Event "Ajedrez Latino"]
[Site "SchemingMind.com"]
[Date "2007.10.31"]
[Round "-"]
[White "Archon"]
[Black "Schaakmaatje"]
[Result "1-0"]
[WhiteCountry "CAN"]
[BlackCountry "NED"]
[WhiteElo "1774"]
[WhiteRD "50"]
[BlackElo "1859"]
[BlackRD "52"]
[GameID "127054"]

1. Nf3 d5 2. c4 Nf6 3. g3 g6 4. Bg2 c6 5. Qa4 Bg7 6. cxd5 Nxd5 7. O-O Nd7 8. e4 N7b6 9. Qd1 Nc7 10. d4 O-O
11. Nc3 Bg4 12. Be3 Re8 13. Rc1 Nc4 14. Qb3 Nxe3 15. fxe3 Rb8 16. Ng5 Be6 17. Nxe6 Nxe6 18. Rf2 Qb6 19. Qc4 Bh6 20. Rxf7 Bxe3+
21. Kh1 Kxf7 22. Rf1+ Kg7 23. Qxe6 c5 24. Qe5+ Kh6 25. Rf7 Bxd4 26. Qf4+ g5 27. Qf5 Bg7 28. e5 e6 29. Rf6+ Bxf6 30. Qxf6+ Kh5
31. g4+ Kxg4 32. Bf3+
1-0